Ekonómia 2 : Z angl.orig /

Gespeichert in:
Bibliographische Detailangaben
Hauptverfasser: Samuelson, Paul A (Verfasst von), Nordhaus, William D (Verfasst von)
Format: Buch
Sprache:Slowakisch
Veröffentlicht: Bratislava : Medzinárodná účastinná spoločnosť BRADLO, 1992
Ausgabe:13.vyd.
Tags: Tag hinzufügen
Keine Tags, Fügen Sie das erste Tag hinzu!

MARC

LEADER 00000nam a22000003a 4500
001 stu20961
005 20150617225753.1
008 930113s1992----cs------------------slo-d
020 |a 80-7127-031-8 
040 |a STU  |b slo 
041 0 |a slo 
044 |a cs 
080 |a 33  |7 stu_us_auth*stu7876 
100 1 |a Samuelson, Paul A  |4 aut 
245 1 |a Ekonómia 2 :  |b Z angl.orig /  |c [aut.]Samuelson,Paul A., Nordhaus,William D 
250 |a 13.vyd. 
260 |a Bratislava :  |b Medzinárodná účastinná spoločnosť BRADLO,  |c 1992 
300 |a 550 s :  |b Tab.,grafy 
700 1 |a Nordhaus, William D  |4 aut 
996 |b C91223  |c C*91223  |l CCXIV  |s P  |a 0  |w stu20961_0001 
996 |b C91224  |c C*91224  |l CCXIV  |s P  |a 0  |w stu20961_0002 
996 |b C91225  |c C*91225  |l CCXIV  |s P  |a 0  |w stu20961_0003 
996 |b C91241  |c C*91241  |l CCI  |s A  |a 24  |w stu20961_0004 
996 |b 284C011250  |c C*91243  |l CCI  |s A  |a 24  |w stu20961_0005 
996 |b C91244  |c C*91244  |l CCI  |s A  |a 24  |w stu20961_0006 
996 |b 284C024481  |c C*91245  |l CCI  |s A  |a 24  |w stu20961_0007 
996 |b 284C011249  |c C*91242  |l CCI  |s A  |a 24  |w stu20961_0008 
996 |b C90664  |c C*90664  |l CCXIV  |s P  |a 0  |w stu20961_0009 
996 |b C91931  |c C*91931  |l CCXII  |s P  |a 0  |w stu20961_0010